000 01076cab a2200253 4500
001 WB2845-19
008 090401t1992 xxu||||| |||| 00| 0 eng d
035 _a(Sirsi) u63496
041 _aeng
245 _aCollapses of party wall
260 _c1992
350 _a0
490 _aEstates Gazette Case Summaries
_v(1992) EGCS 132(2) (14/11/92)
520 _a"Woodhouse v Consolidated Property Corporation Ltd" CA 3 November 1992. A claim for the cost of rebuilding a store shed, damaged when a party wall collapsed as a result of a neighbour`s building works. Points covered were whether easement of support extended to chattels placed against a party wall, summary judgement under Ord 14 and the condition that the defendants paid a substantial amount of the claim into court.
650 _aCHATTELS
650 _aCOLLAPSE
650 _aEASEMENTS
650 _aLONDON BUILDING ACTS (AMENDMENT) ACT 1939 S47
650 _aParty walls
_96258
650 _aRIGHT OF SUPPORT
690 _aHIGHWAYS AND RIGHTS OF WAY-CASE LAW
942 _n0
948 _c04/03/1997
999 _c39462
_d39462